000 00383nam a2200145Ia 4500
008 230312s9999||||xx |||||||||||||| ||und||
082 _a621.3
_bMAN-E
100 _aManglik,Rajeev
245 0 _aElectrical Engineering
260 _bS.K.Kataria & Sons
_aIndia
_c2003
300 _a264
546 _aEng.
650 _aEngineering
_vMeasuring instruments,Three Phase Supply
942 _cBK
999 _c1499
_d1499